|
|
|
|
| LEADER |
00858nab a2200181 i 4500 |
| 001 |
misc10877 |
| 005 |
20191106142233.0 |
| 008 |
170607s1935 hu o 0|| hun d |
| 022 |
|
|
|a 0025-0260
|
| 040 |
|
|
|a SZTE Miscellanea Repozitórium
|b hun
|
| 041 |
|
|
|a hun
|
| 100 |
1 |
|
|a Gyulai Ágost
|
| 245 |
1 |
0 |
|a Pázmány Péter szelleme
|h [elektronikus dokumentum] :
|b a Pázmány Péter-tudományegyetem alapításának háromszázados évfordulója alkalmából /
|c Gyulai Ágost
|
| 260 |
|
|
|c 1935
|
| 300 |
|
|
|a 113-116
|
| 490 |
0 |
|
|a Magyar pedagógia : a Magyar Tudományos Akadémia Pedagógiai Bizottságának folyóirata
|v 44
|
| 695 |
|
|
|a Pázmány Péter, Katolikus egyház Magyarország 16-17. sz., Egyetemtörténet katolikus Magyarország, Pázmány Péter, Neveléstörténet
|
| 856 |
4 |
0 |
|u http://misc.bibl.u-szeged.hu/10877/1/mp_1935_3491_113-116.pdf
|z Dokumentum-elérés
|